Giáo trình lý thuyết biến dạng
Spremljeno u:
| Glavni autor: | |
|---|---|
| Format: | Knjiga |
| Jezik: | Undetermined |
| Izdano: |
Tp. HCM
Đại học Quốc gia Tp. HCM
2000
|
| Teme: | |
| Oznake: |
Dodaj oznaku
Bez oznaka, Budi prvi tko označuje ovaj zapis!
|
| Thư viện lưu trữ: | Trung tâm Học liệu Trường Đại học Cần Thơ |
|---|
| LEADER | 00563nam a2200193Ia 4500 | ||
|---|---|---|---|
| 001 | CTU_37356 | ||
| 008 | 210402s9999 xx 000 0 und d | ||
| 020 | |c 13500 | ||
| 082 | |a 531.3823 | ||
| 082 | |b Th107 | ||
| 100 | |a Nguyễn, Trường Thanh | ||
| 245 | 0 | |a Giáo trình lý thuyết biến dạng | |
| 245 | 0 | |c Nguyễn Trường Thanh | |
| 260 | |a Tp. HCM | ||
| 260 | |b Đại học Quốc gia Tp. HCM | ||
| 260 | |c 2000 | ||
| 650 | |a elasticity,plasticity | ||
| 904 | |i Minh | ||
| 980 | |a Trung tâm Học liệu Trường Đại học Cần Thơ | ||